Statystyki dla TOP 20 światowych potraw

Kliknij tutaj aby rozwiązać quiz!

Ogólne statystyki

  • Ten quiz został rozwiązany 53 razy
  • Średni wynik to 5 z 20

Statystyki odpowiedzi

Nr. Opis Potrawa % poprawnych
2.Porzuć wszelkie wariacje na temat tego placka, wracamy do źródeł! Oryginał składa się zaledwie z kilku składników - ciasta, pomidorów, oliwy z oliwek, soli i bazyliiPizza
76%
14.Grzech, ale jaki słodki! Tych amerykańskich smażonych na głębokim tłuszczu oponek nie trzeba nikomu przedstawiać.Donut
74%
15.Mogą być wypełnione wszystkim, od ziemniaków, kapusty kiszonej, mięsa, sera po owoce, często podawane są ze stopionym masłem, śmietaną lub smażoną cebulą.Pierogi
72%
4.Kiedy Japończycy chcą coś zrobić, robią to naprawdę dobrze. Nie bez powodu to na ______ najczęściej pada wybór, jeśli chodzi o pierwszą randkę.Sushi
64%
3.Często zapominamy, że ten cud wynaleźli Majowie. Pierwotnie zmiażdżone ziarna kakaowca, mieszano z wodą, kukurydzianą papką i chili.Czekolada
52%
18.Aromatyczne, marynowane, pokrojone w kostki mięso - najczęściej jagnięce lub wołowe - nadziewa się na rożen i grilluje.Szisz Kebab/ Szaszłyk
42%
9.Jedna z miejskich legend głosi, że energia jaką organizm zużywa na ogrzanie się po zjedzeniu _____ równoważy przyjęty naddatek kalorii. Chcemy wierzyć w tę teorię, zwłaszcza kiedy sięgamy po włoskie gelato.Lody
40%
6.Bułka z mięsem i sałatką zrobiła karierę niemal na całym świecie. Faworytem okazała się niemiecką wersja.Hamburger
38%
13.Soczysta i słodka, gotowana lub grillowana ____ w maśle, ta prosta kulinarna przyjemność zasługuje na miejsce w pierwszej dwudziestce najlepszych potraw na świecie.Kolba kukurydzy
22%
17.Najlepszy sposób, by delektować się ich smakiem? Gotowany ____ podany ze stopionym masłem i plasterkiem cytryny.Homar
12%
5.Dla tej niespiesznie pieczonej, chrupiącej, pokrytej syropem skórki już wielu straciło głowę. Jest tak lubiana, że niektóre restauracje serwują więcej skórki niż mięsa. Jedno z najbardziej niezapomnianych wrażeń kulinarnych w PekinieKaczka po pekińsku
10%
12.Po oryginał warto udać się do Maputo, stolicy Mozambiku. Dla tego kurczaka gotowanego z limonką, pieprzem, czosnkiem, mlekiem kokosowym i sosem _____ wielu już straciło głowę.Kurczak piri-piri
4%
20.To rodzaj małego chlebka lub tortilli przygotowanej z mąki kukurydzianej. Podawana jest z dowolnymi dodatkami: serem, siekanym kurczakiem, chrupiącą skórką wieprzową, wołowiną, pomidorami czy awokado.Arepa
2%
10.Jedyny słuszny przepis wymaga: kurczaka, chili, czosnku, pomidorów, pieprzu, soli, okry, masła palmowego, masła afrykańskiego. Smakuje obłędnie, ale z pewnością zatyka tętnice.Kurczak muamba
2%
7.Jedną z najpopularniejszych potraw w Malezji tworzą: gotowana makrela , tamaryndowiec, chili, mięta, trawa cytrynowa, cebula, ananas podane z makaronem w sosie rybnym.Penang assam laksa
2%
8.To tajskie danie obowiązkowe! W tej zupie „na bogato” znajdziemy: krewetki, pieczarki, pomidory, trawę cytrynową, galangę i liście limonki kaffir. Często dodawane jest do niej mleko kokosowe.Tom yum goong
2%
19.Pomimo nazwy żadne króliki nie cierpią podczas przygotowywania jednej z najbardziej popularnych przekąsek w RPABunny Chow
2%
11.Wołowinę powoli gotuje się w mleku kokosowym i mieszance z trawy cytrynowej, galangi, czosnku, kurkumy, imbiru i chilli, a następnie dusi przez kilka godzin, aby dodać daniu delikatności.Rendang
2%
16.Kruche ciasto i miękki krem - oto smak Portugalii. Legenda głosi, że portugalskie mniszki wykorzystywały białka jajek do krochmalenia szat, a pozostawione w ten sposób żółtka użyły do wyrobu ciastek.Pastel de nata
2%
1.Zdecydowany król curry, a może nawet król wszystkich dań. Pikantny, kokosowy i słodki. Nawet gotowy sos kupiony w supermarkecie może sprawić, że będziesz chciał sypać gwiazdkami Michelin. Jak dobrze, że ktoś wymyślił ryż!Massaman curry
2%

Rozkład punktacji

Percentyl według liczby udzielonych odpowiedzi

Procent ludzi z każdym wynikiem

Twoja historia wyników

Nie rozwiązałeś tego quizu